| 000 | 00943cam a2200253 4500 | ||
|---|---|---|---|
| 999 |
_c30 _d30 |
||
| 003 | OSt | ||
| 005 | 20230706143101.0 | ||
| 008 | 230706b ||||| |||| 00| 0 eng d | ||
| 020 | _a0070096473 | ||
| 082 | 0 | 0 |
_a721.02 _bCAL |
| 245 | 0 | 0 |
_aTime-saver standards for architectural design data. _cJohn Hancock Callender, editor-in-chief. |
| 250 | _a5th ed. | ||
| 260 |
_aNew York, _bMcGraw-Hill _c[1974] |
||
| 300 |
_axiii, 1042 p. _billus. _c28 cm. |
||
| 500 | _aPrevious editions are entered under: Architectural record. Time-saver standards. | ||
| 500 | _aCompanion vol. to Time-saver standards for building types. | ||
| 504 | _aIncludes bibliographical references. | ||
| 650 | 0 |
_aStandards, Engineering _xHandbooks, manuals, etc. |
|
| 650 | 0 |
_aArchitectural design _xHandbooks, manuals, etc. |
|
| 650 | 0 |
_aBuilding _xTables. |
|
| 700 | 1 |
_aCallender, John Hancock, _eed. |
|
| 730 | 0 |
_aArchitectural record. _tTime-saver standards. |
|
| 942 | _2ddc | ||